4301-諫早市(長崎県)の駅 - Statistics

General Stats
  • This quiz has been taken 9 times
  • The average score is 10 of 19
Answer Stats
Answer % Correct
諫早
100%
本諫早
89%
小長井
67%
干拓の里
67%
喜々津
56%
56%
諫早東高校
56%
湯江
44%
小江
44%
市布
44%
東園
44%
大草
44%
小野
44%
森山
44%
肥前長田
33%
東諌早
33%
西諌早
33%
釜ノ鼻
33%
長里
22%
No matching quizzes found
Score Distribution
Percent of People with Each Score
Percentile by Number Answered
Your Score History
You have not taken this quiz